Technology at the core (Record no. 945)

MARC details
000 -LEADER
fixed length control field 00812 a2200205 4500
008 - FIXED-LENGTH DATA ELEMENTS--GENERAL INFORMATION
fixed length control field 080821t xxu||||| |||| 00| 0 eng d
010 ## - LIBRARY OF CONGRESS CONTROL NUMBER
LC control number ENG-85045
020 ## - INTERNATIONAL STANDARD BOOK NUMBER
International Standard Book Number 8131701700
Terms of availability 695.00
035 ## - SYSTEM CONTROL NUMBER
System control number EN-68578
037 ## - SOURCE OF ACQUISITION
Source of stock number/acquisition D.B.Act / Pub
082 ## - DEWEY DECIMAL CLASSIFICATION NUMBER
Classification number 501
100 ## - MAIN ENTRY--PERSONAL NAME
Personal name Parthasarathi, A.
245 ## - TITLE STATEMENT
Title Technology at the core
Remainder of title science and technology with Indira Gandhi
Statement of responsibility, etc Ashok Parthasarathi.
246 ## - VARYING FORM OF TITLE
Title proper/short title Science & technology with Indira Gandhi
260 ## - PUBLICATION, DISTRIBUTION, ETC. (IMPRINT)
Place of publication, distribution, etc New Delhi :
Name of publisher, distributor, etc Dorling Kindersley (India), licensees of Pearson Education in South Asia,
Date of publication, distribution, etc 2007.
300 ## - PHYSICAL DESCRIPTION
Extent xix, 327 p.
Dimensions 24 cm. (Hb)
500 ## - GENERAL NOTE
General note Includes index.
942 ## - ADDED ENTRY ELEMENTS (KOHA)
Institution code [OBSOLETE] dpl
Koha item type English Books
Call number prefix 501 / PAR
Source of classification or shelving scheme Dewey Decimal Classification
Classification part 501
Call number suffix PAR
Holdings
Withdrawn status Lost status Damaged status Not for loan Home library Current library Date acquired Cost, normal purchase price Total Checkouts Full call number Barcode Date last seen Copy number Uniform Resource Identifier Cost, replacement price Price effective from Koha item type
        D.B.Act.Division D.B.Act.Division 21/08/2008 695.00   501 PAR EN-68578 15/09/2008 1 1009 695.00 15/09/2008 English Books

© Delhi Public Library
Hit Counter
free hit counter